| 000 | 00000nam##2200000za#4500 |
| 001 | 9.602190 |
| 003 | CaOODSP |
| 005 | 20210624210439 |
| 007 | cr ||||||||||| |
| 008 | 150406|2001||||xxc|||||o f|0| 0 fre|d |
| 040 | |aCaOODSP|bfre |
| 043 | |an-cn--- |
| 086 | 1 |aNH18-23/85F-PDF |
| 110 | 2 |aSociété canadienne d'hypothèques et de logement. |
| 245 | 10|aÉvaluation du coût global des infrastructures d'énergie, d'approvisionnement en eau et d'élimination des déchets solides et liquides dans le District régional de la vallée du Fraser |h[ressource électronique] |
| 260 | |aOttawa - Ontario : |bSociété canadienne d'hypothèques et de logement |cJuillet 2001. |
| 300 | |a6p. |
| 490 | 1 |aLe point en recherche. Série socio-économique |v85 |
| 590 | |a11-23-Supp|b2011-10-17 |
| 691 | 07|aGestion des déchets|2gcpds |
| 691 | 07|aGestion de l'eau|2gcpds |
| 691 | 07|aInfrastructure|2gcpds |
| 691 | 07|aProvinces de l'Ouest|2gcpds |
| 775 | 08|tAssessing the full costs of water, liquid waste, energy and solid waste infrastructure in the Fraser Valley Regional District (FVRD) |w(CaOODSP)9.571765 |
| 776 | 0#|tÉvaluation du coût global des infrastructures d'énergie, d'approvisionnement en eau et d'élimination des déchets solides et liquides dans le District régional de la vallée du Fraser |w(CaOODSP)9.625866 |
| 830 | #0|aLe point en recherche. Série socio-économique ;|v85|w(CaOODSP)9.501568 |
| 856 | 40|ahttp://publications.gc.ca|qPDF|s106 Ko|uhttps://publications.gc.ca/collections/Collection/NH18-23-85F.pdf|y85 |